Statistics for All Major League Soccer Teams Ever

Click here to take the quiz!

General Stats

  • This quiz has been taken 201 times
  • The average score is 23 of 33

Answer Stats

Team% Correct
Los Angeles Galaxy
93%
Miami Fusion
91%
Seattle Sounders FC
90%
Inter Miami CF
90%
Chiago Fire
89%
New York Red Bulls
89%
Los Angeles FC
85%
FC Dallas
83%
Portland Timbers
81%
Toronto FC
80%
Houston Dynamo
80%
New York City FC
79%
Orlando City SC
76%
New England Revolution
75%
Vancouver Whitecaps FC
75%
Columbus Crew
74%
San Jose Earthquakes
74%
Montréal Impact
72%
DC United
71%
Atlanta United
69%
Philadelphia Union
68%
Minnesota United
67%
Sporting Kansas City
67%
Real Salt Lake
66%
Colorado Rapids
60%
FC Cincinnati
59%
Nashville SC
54%
Chivas USA
49%
Austin FC
39%
Tampa Bay Mutiny
35%
St Louis
34%
Sacramento
31%
Charlotte
29%

Score Distribution

Percentile by Number Answered

Percent of People with Each Score

Your Score History

You have not taken this quiz